000 01335ngm a2200349 4500
003 dpl
005 20090106144450.0
007 DVD
008 ||||||sp199 xxu|||||c ||| 00| 0 ng d
010 _aDVD-001916-1917
024 _aCDVFF-712
_c38.00
035 _aDVD-001916-1917
040 _aDPL
_cDPL
082 _aDVD / DILC
245 _aDil Chahta Hai
_cExcell Entertainment Production Presents
_h[videorecording] DVD/
260 _bSuper Cassette Industries
300 _a2 videodisc VCD;
_bsd., col. ;
_c4 3/4 in.
_fVCD
440 _aT Series Home Entertainment
538 _aDolby Digital 5.1 - Hindi Subtitles: English
650 _aMotion Picture
700 _aJavaed Akhtar
700 _aShankar-Ehsaan-Loy
700 _aFarhan Akhtar
700 _aAamir Khan
700 _aKhanna, Akshay
700 _aSaif Ali Khan
700 _aZinta, Preity
942 _cCF
_2ddc
_hDVD
_mDILC
999 _c20649
_d20649